000 00297nam a22001337a 4500
008 170207b xxu||||| |||| 00| 0 eng d
020 _a9780742541719
041 _aeng
080 _a61
100 _a4
101 _aSHM
245 _aSMART MICE NOT SMART PEOPLE
_cARTHUR CAPLAN
942 _2udc
_cBK
999 _c4816
_d4816